000 00493nmm a2200169Ia 4500
008 251105s9999||||xx |||||||||||||||||und||
020 _a9788446041870
041 _aspa
100 _aCampagna, Federico
245 0 _aLa última noche. Anti-trabajo, ateísmo, aventura
264 _a[Madrid, España] :
_bAkal,
_c2015
300 _a128 páginas
490 _aPensamiento crítico
650 _aPhilosophy, Ethics
856 _uhttps://public.digitaliapublishing.com/a/37598
942 _cCF
999 _c83023
_d83023